Democratic National Convention records, (Record no. 41475)
[ view plain ]
| 000 -LEADER | |
|---|---|
| fixed length control field | 00803cpcaa2200229 4500 |
| 001 - CONTROL NUMBER | |
| control field | mm 79004276 |
| 003 - CONTROL NUMBER IDENTIFIER | |
| control field | DLC |
| 005 - DATE AND TIME OF LATEST TRANSACTION | |
| control field | 20260227111645.0 |
| 008 - FIXED-LENGTH DATA ELEMENTS--GENERAL INFORMATION | |
| fixed length control field | 790423|||||||||||| eng |
| 010 ## - LIBRARY OF CONGRESS CONTROL NUMBER | |
| LC control number | mm 79004276 |
| 040 ## - CATALOGING SOURCE | |
| Original cataloging agency | DLC |
| Transcribing agency | DLC |
| Description conventions | dacs |
| Modifying agency | DLC |
| 072 #7 - SUBJECT CATEGORY CODE | |
| Subject category code | N |
| Source | lcmd |
| 111 2# - MAIN ENTRY--MEETING NAME | |
| Meeting name or jurisdiction name as entry element | Democratic National Convention. |
| 245 00 - TITLE STATEMENT | |
| Title | Democratic National Convention records, |
| Inclusive dates | 1832-circa 1900. |
| 300 ## - PHYSICAL DESCRIPTION | |
| Extent | 6 |
| Type of unit | items. |
| 506 ## - RESTRICTIONS ON ACCESS NOTE | |
| Terms governing access | Open to research. |
| 546 ## - LANGUAGE NOTE | |
| Language note | Collection material in English. |
| 580 ## - LINKING ENTRY COMPLEXITY NOTE | |
| Linking entry complexity note | Forms part of: Miscellaneous Manuscripts collection. |
| 610 20 - SUBJECT ADDED ENTRY--CORPORATE NAME | |
| Corporate name or jurisdiction name as entry element | Democratic Party (U.S.) |
| 651 #0 - SUBJECT ADDED ENTRY--GEOGRAPHIC NAME | |
| Geographic name | United States |
| General subdivision | Politics and government |
| Chronological subdivision | 19th century. |
No items available.